NFL Playoff Miracles: The Week After Quiz Stats

 Plays Quiz Updated Oct 24, 2018

Score 0/16 Timer 04:00
1 Play Today
% Correct
Packers won Super Bowl II over the Raiders 33-14
92.9%
49ers won Super Bowl XVI over the Bengals 26-21
90.5%
Patriots win AFC Championship, 24-17 over the Steelers
88.6%
Vikings lost NFC Championship 38-7 to the Eagles
84.9%
Ravens won AFC Championship, 28-13, over the Patriots
81.4%
Broncos lost 45-10 to the Patriots in the divisional round
80.5%
Broncos lost Super Bowl XXII to the Redskins 42-10
79.1%
Broncos lost Super Bowl XXI to the Giants 39-20
74.5%
% Correct
Cowboys won NFC Championship 37-7 over the Rams
73.2%
49ers lost to the Falcons 20-18 in the divisional round
59.3%
Titans beat the Colts 19-16 in the divisional round
56.5%
Bills beat the Steelers 24-3 in the divisional round
51.4%
Raiders lost AFC Championship to the Steelers 24-13
50.3%
Raiders lost AFC Championship to the Broncos 20-17
47.6%
Eagles lost NFC Championship to the Panthers, 14-3
45%
Steelers lost 21-17 to the undefeated Dolphins
39.4%

You're not logged in!

Compare scores with friends on all Sporcle quizzes.
OR
Log In

Sporcle TV

Today on Sporcle TV


Watch our educational content, quiz creation guides, and fun videos on Sporcle TV.

Show Comments

Extras

Top Quizzes Today


Score Distribution

Your Account Isn't Verified!

In order to create a playlist on Sporcle, you need to verify the email address you used during registration. Go to your Sporcle Settings to finish the process.

Report this User

Report this user for behavior that violates our Community Guidelines.

Details: